000 00446cam a2200181ua 4500
020 _cRs 3.00
041 _ahin
_h
082 _a891.54
_bGeneral
100 _aVinod Chandra , Pandey .
245 _aSafed Cheediyam /
_cVinod Chandra Pandey.
_hTextual Documents
250 _a1 /
_b.
260 _aDelhi :
_bRajkamal Prakash ,
_c1959.
300 _a97 ; .
365 _aRs 3.00
504 _a
942 _cBK
999 _c3691
_d3691